| 000 | 00451nam a2200181Ia 4500 | ||
|---|---|---|---|
| 001 | 17642 | ||
| 005 | 20260306171532.0 | ||
| 008 | 260306s9999||||xx |||||||||||||| ||und|| | ||
| 041 | _aESP | ||
| 082 |
_a658.11 _bB85 |
||
| 100 |
_aBrunet Icard, Ignasi _eAUT |
||
| 245 | 0 |
_aCreación de empresas: _bemprendimiento e innovación |
|
| 260 | _c2011 | ||
| 300 |
_a262 páginas : _c24 cm. |
||
| 650 | _aGEN | ||
| 654 | _aCAN | ||
| 942 |
_cLIB _dJUS _fJUS _2ddc _n |
||
| 999 |
_c17642 _d17642 |
||